Fictional Animals - Double Names Quiz Stats

 Plays Quiz Updated Nov 16, 2018

Also try: Harry Potter Pets
Challenge
Share
Tweet
Embed
Score 0/36 Timer 08:00
2 Plays Today
Names Animal % Correct
Disco or Daffyduck
98.7%
Bambi or Bambodeer
96.7%
Sylvester or Felixcat
93%
Trix or Bunnicularabbit
91.8%
Flower or Pepe Le Pewskunk
90.2%
Horton or Heffalumpelephant
85.1%
Theodore or Simonchipmunk
77.7%
Matilda or Rookangaroo
77.7%
Baloo or Snugglesbear
77.6%
Blinky or Doryfish
75.4%
Cujo or Benjidog
74.4%
Tony or Hobbestiger
68.2%
Wilbur or Arnoldpig
68.1%
Aslan or Alexlion
66.4%
Ben or Scabbersrat
65.5%
Hedwig or Hermesowl
65.5%
Franklin or Leonardoturtle
64.7%
Super or Foghorn Leghornchicken
60.7%
Names Animal % Correct
Rocky or Buckysquirrel
59.4%
Clarabelle or Elsiecow
42.3%
Clyde or King Louieorangutan
37.6%
Sammy or Sssqueezesnake
36.9%
Pokey or Starlighthorse
36.5%
Magilla or Thrillagorilla
33%
Glo or Lowlyworm
32.2%
Bud, Wei, or Serfrog
30.3%
Po or Andypanda
28%
Chester or Dumacheetah
26.5%
Fiona or Slylockfox
24.2%
Ranger Rick or Rocketraccoon
23.7%
Mr. Pricklepants or Mrs. Tiggy-Winklehedgehog
23.4%
Sabor or Tai Lungleopard
16%
Pixie or Dixiemouse
15.6%
Bonzo or Bearchimpanzee
10.8%
Norma Jean or Memphispenguin
7.5%
Hokey or Ding-A-Lingwolf
3.3%

You're not logged in!

Compare scores with friends on all Sporcle quizzes.
OR
Log In

You Might Also Like...

Show Comments

Extras

Top Quizzes Today


Score Distribution

Your Account Isn't Verified!

In order to create a playlist on Sporcle, you need to verify the email address you used during registration. Go to your Sporcle Settings to finish the process.

Report this User

Report this user for behavior that violates our Community Guidelines.

Details: